| 000 | 01211nam a22002537a 4500 | ||
|---|---|---|---|
| 003 | DO-SdBNP | ||
| 005 | 20151217102006.0 | ||
| 008 | 151217b 1968 sp xxu||||| |||| 00| 0 spa d | ||
| 040 |
_aBPMSU _bspa _cBPMSU |
||
| 092 |
_axxxxx _bxxxxx |
||
| 100 | 1 |
_aCastroviejo, Concha, _d1910-1995. |
|
| 245 | 1 | 0 |
_aEl jardín de las siete puertas / _cConcha Castroviejo ; ilustración de por Fernando Benito. |
| 250 | _a2a ed. | ||
| 260 |
_aMadrid : _bDoncel, _c1968. |
||
| 300 |
_a137 p. : _bil. ; _c26 cm. |
||
| 490 | 1 |
_aBallena alegre _v; 8 |
|
| 505 | 0 | _aTenemos las estrellas -- Sueño de Blas -- País que no tenía pájaros -- Gorrión y la Luna -- Sirena y un corregidor, 500 vecinos y un mirlo cantor -- Matías el tonto -- Año que se cayó al mar -- Tejedora de sueños -- Piratas de "La terrible" -- Martolán, aprendiz de mago -- Barú y el gigante -- Zopilote presumido -- Niña y el mar -- Karlantán y las perlas del príncipe Atal -- Jardín de las siete puertas. | |
| 586 | _a"Premio Doncel 1961 (Cuentos)." | ||
| 700 | 1 | 2 |
_aBenito Doménech, Fernando, _d1949-2011. _eil. |
| 830 | 0 |
_aBallena alegre _n; 8 |
|
| 910 | _a00260 | ||
| 942 |
_2ddc _cBK |
||
| 956 |
_aLorenza Pérez _b10 |
||
| 999 |
_c9134 _d9134 |
||